I Cicle de Conferències : el Palau Güell, una obra col•lectiva : del 6 de març al 7 d'abril de 2014 el Palau Güell, una obra col•lectiva :
Descripción Física:
1 díptic ; 21 cm
Materias:
Palau Güell (Barcelona)
MARC
| LEADER | 00000nam a2200000Ia 4500 | ||
|---|---|---|---|
| 001 | 24079 | ||
| 003 | Arxiu | ||
| 005 | 20260324180614.0 | ||
| 008 | 160829s2014 xx 000 0 cat d | ||
| 080 | |a FU-64-31 | ||
| 111 | |a Cicle de Conferències del Palau Güell |9 56387 |n (1r : |d 2014 : |c Barcelona) | ||
| 245 | |a I Cicle de Conferències : |b el Palau Güell, una obra col•lectiva : |b del 6 de març al 7 d'abril de 2014 | ||
| 260 | |a Barcelona : |b Diputació de Barcelona, |c 2014 | ||
| 300 | |a 1 díptic ; |c 21 cm | ||
| 590 | |a Programa de mà d'aquest acte | ||
| 610 | 2 | 0 | |a Palau Güell (Barcelona) |9 17034 |
| 710 | 2 | |a UNESCO |9 52950 | |
| 710 | 1 | |a Barcelona (Catalunya : Província). |b Diputació |9 52408 | |
| 901 | |a Arxiu | ||
| 942 | |n 1 |2 udc | ||
| 952 | |0 0 |1 0 |4 0 |6 FU6431 |7 1 |9 55649 |a Arxiu |b Arxiu |d 2016-12-01 |l 0 |o FU-64-31 |p 24079 |r 2016-12-01 00:00:00 |w 2016-12-01 |y ARXIU | ||
| 999 | |c 59522 |d 59522 | ||